Situación de los derechos humanos en Guatemala: Complemento 1990

Guardat en:
Dades bibliogràfiques
Autor corporatiu: Comité Pro Justicia y Paz de Guatemala
Format: Text
Publicat: Guatemala: Comité Pro Justicia y Paz de Guatemala
Etiquetes: Afegir etiqueta
Sense etiquetes, Sigues el primer a etiquetar aquest registre!

MARC

LEADER 00000 a a2200000 04500
001 22762
003
040
090 |a 155800  
110 |a Comité Pro Justicia y Paz de Guatemala  
245 |a Situación de los derechos humanos en Guatemala: Complemento 1990  
260 |a Guatemala:   |b Comité Pro Justicia y Paz de Guatemala  
300 |a 30 p.  
999 |c 13203  |d 13203